000 00701nam a2200205 a 4500
001 BRCA_446
005 20190320203020.0
008 290705s1988----sp-#---###---#000-0#spa-d
020 _a8420670723
050 4 _aN8560
_b.B73 1988
100 1 _aBrandi, Cesare
_91528
245 1 0 _aTeoría de la restauración
_cCesare Brandi ; versión española de María Angeles Toajas Roger.
260 _aMadrid
_bAlianza
_c1988
300 _a149 p.
_c23 cm.
440 0 _aAlianza forma
_v72
_91529
500 _aIncluye la ´Carta del Restauro´ [Documento sobre restauración, Italia 1972]
500 _aTraducción de : Teoria del restauro
650 1 4 _aArte
_xConservación y restauración
_91530
942 _2lcc
_cB
999 _c381
_d381